<?xml version="1.0" encoding="UTF-8"?>
<record
    xmlns:xsi="http://www.w3.org/2001/XMLSchema-instance"
    xsi:schemaLocation="http://www.loc.gov/MARC21/slim http://www.loc.gov/standards/marcxml/schema/MARC21slim.xsd"
    xmlns="http://www.loc.gov/MARC21/slim">

  <leader>01560nam a2200313 a 4500</leader>
  <controlfield tag="001">BRCA_5129</controlfield>
  <controlfield tag="005">20190320204942.0</controlfield>
  <controlfield tag="008">191110s1844----mx-######v---#000-0#spa-#</controlfield>
  <datafield tag="041" ind1=" " ind2=" ">
    <subfield code="a">spa</subfield>
  </datafield>
  <datafield tag="044" ind1=" " ind2=" ">
    <subfield code="a">mx</subfield>
  </datafield>
  <datafield tag="084" ind1=" " ind2=" ">
    <subfield code="a">DOC102C</subfield>
    <subfield code="b">.V35</subfield>
    <subfield code="c">1844</subfield>
  </datafield>
  <datafield tag="100" ind1="1" ind2=" ">
    <subfield code="a">Valdivielso, Ignacio</subfield>
    <subfield code="d">1805-1861</subfield>
    <subfield code="9">13093</subfield>
  </datafield>
  <datafield tag="245" ind1="1" ind2="0">
    <subfield code="a">Documento firmado por Ignacio Valdivielso</subfield>
    <subfield code="c">Ignacio Valdivielso, Eduardo Goroztiza.</subfield>
  </datafield>
  <datafield tag="260" ind1=" " ind2=" ">
    <subfield code="a">M&#xE9;xico</subfield>
    <subfield code="c">1844</subfield>
  </datafield>
  <datafield tag="300" ind1=" " ind2=" ">
    <subfield code="a">[4] fojas</subfield>
    <subfield code="c">27 x 21 cm</subfield>
  </datafield>
  <datafield tag="500" ind1=" " ind2=" ">
    <subfield code="a">Documento firmado el 26 de julio de 1844</subfield>
  </datafield>
  <datafield tag="500" ind1=" " ind2=" ">
    <subfield code="a">Ignacio Valdivielso escribe a Eduardo Goroztiza encarg&#xE1;ndole de los Negocios Interiores de M&#xE9;jico. Comunica haberle acreditado su nombramiento ante las autoridades espa&#xF1;olas y le da instrucciones de c&#xF3;mo mantener las relaciones comerciales especialmente las de comercio a menudeo, as&#xED; como las cuestiones en Texas</subfield>
  </datafield>
  <datafield tag="500" ind1=" " ind2=" ">
    <subfield code="a">El documento contiene la leyenda DOC. #266</subfield>
  </datafield>
  <datafield tag="500" ind1=" " ind2=" ">
    <subfield code="a">Papel con marca de agua</subfield>
  </datafield>
  <datafield tag="500" ind1=" " ind2=" ">
    <subfield code="a">Al margen: LEGACI&#xD3;N MEJICANA CERCA DE S. M. CAT&#xD3;LICA</subfield>
  </datafield>
  <datafield tag="500" ind1=" " ind2=" ">
    <subfield code="a">Estado de conservaci&#xF3;n: Contiene manchas de acidificaci&#xF3;n</subfield>
  </datafield>
  <datafield tag="506" ind1="0" ind2=" ">
    <subfield code="a">Fondo reservado: para su consulta es necesario credencial de usuario y carta de motivos</subfield>
  </datafield>
  <datafield tag="546" ind1=" " ind2=" ">
    <subfield code="a">Texto en: espa&#xF1;ol de mediados del siglo XIX</subfield>
  </datafield>
  <datafield tag="600" ind1="1" ind2="4">
    <subfield code="a">Valdivielso, Ignacio</subfield>
    <subfield code="d">1805-1861</subfield>
    <subfield code="9">13093</subfield>
  </datafield>
  <datafield tag="650" ind1="1" ind2="4">
    <subfield code="a">Relaciones internacionales</subfield>
    <subfield code="v">Manuscrito</subfield>
    <subfield code="x">Historia</subfield>
    <subfield code="y">Federalismo y centralismo, 1824-1853</subfield>
    <subfield code="z">M&#xE9;xico</subfield>
    <subfield code="9">13094</subfield>
  </datafield>
  <datafield tag="700" ind1="1" ind2=" ">
    <subfield code="a">Goroztiza y Cepeda, Manuel Mar&#xED;a del Pilar Eduardo</subfield>
    <subfield code="d">1789-1851</subfield>
    <subfield code="9">13095</subfield>
  </datafield>
  <datafield tag="902" ind1=" " ind2=" ">
    <subfield code="a">FDH</subfield>
  </datafield>
  <datafield tag="942" ind1=" " ind2=" ">
    <subfield code="2">lcc</subfield>
    <subfield code="c">D</subfield>
  </datafield>
  <datafield tag="999" ind1=" " ind2=" ">
    <subfield code="c">4823</subfield>
    <subfield code="d">4823</subfield>
  </datafield>
  <datafield tag="952" ind1=" " ind2=" ">
    <subfield code="0">0</subfield>
    <subfield code="1">0</subfield>
    <subfield code="4">0</subfield>
    <subfield code="7">0</subfield>
    <subfield code="a">BRCA</subfield>
    <subfield code="b">BRCA</subfield>
    <subfield code="d">2010-11-19</subfield>
    <subfield code="l">0</subfield>
    <subfield code="o">DOC102C .V35 1844</subfield>
    <subfield code="p">5473</subfield>
    <subfield code="r">2019-03-22 00:00:00</subfield>
    <subfield code="w">2019-03-22</subfield>
    <subfield code="y">D</subfield>
  </datafield>
</record>
